| 000 | 00912nam a2200205 a 4500 | ||
|---|---|---|---|
| 001 | 000643802 | ||
| 003 | AM-YeHGA | ||
| 005 | 20250617161344.0 | ||
| 008 | 090319s1957 ||||||||||||||||||||rus|c | ||
| 040 | _aAM-YeHGA | ||
| 041 | 0 | _arus | |
| 100 | 1 | _aЛьвов, А.А. | |
| 245 | 1 | 0 |
_aМеханизация и электрификация сельского хозяйства : _bУчебное пособие для с.-х. техникумов / _cА.А. Львов. |
| 260 |
_aМосква : _bГосиздат сельскохоз. лит., _c1957. |
||
| 300 |
_a422 с. : _bил. ; _c26 см. |
||
| 440 | 0 | _aУчебники и учебные пособия для сельскохозяйственных техникумов | |
| 650 | 1 | 4 | _aЭлектрификация сельского хозяйства |
| 650 | 1 | 4 | _aМеханизация сельского хозяйства |
| 090 | _c473269 | ||
| 999 |
_c470025 _d470025 |
||